| 000 | 00540nam a2200229Ia 4500 | ||
|---|---|---|---|
| 008 | 210210b2009 xxu||||| |||| 00| 0 eng d | ||
| 020 | _a9780070087750 | ||
| 041 | _aeng | ||
| 082 | _a657.42 MURC | ||
| 100 | _aMURTHY (A) | ||
| 245 | _aCost accounting Ed 2 | ||
| 250 | _a | ||
| 260 |
_aNew Delhi _bTata McGraw-Hill Publishing Company Ltd. _c2009 |
||
| 300 | _axi,--MCB.178 | ||
| 650 | _aEd | ||
| 650 | _aCost | ||
| 650 | _aaccounting | ||
| 650 | _a2 | ||
| 690 | _aCost Accounting | ||
| 700 | _aGURUSAMY (S) | ||
| 906 | _a063650 | ||
| 999 |
_c138610 _d138610 |
||